000 00481nam a2200133 a 4500
008 120416s1961 ||||||||||||||||| || u
050 _aHF 5429 Har
100 _aHarris, Leonard M
245 1 0 _aProfit and personality in retailing
260 _aLondon
_bBusiness Publications
_c1961
300 _axiii,181p.
350 _a0.00
995 _D0.00
_FCBU-MAIN LIBRARY (Kitwe)
_H1
_I3.70
_UAVAILABLE
_ZMain Library Open Access Collection
999 _c54966
_d54966